000 00430nam a2200181Ia 4500
008 230524s9999 xx 000 0 und d
020 _a8188429635
082 _a518
_bARU
100 _aS.Arumugam
245 0 _aNumerical Methods
250 _a2
260 _aChennai
_bSCITECH
_c2013
300 _a507p;
500 _aQuantity Number: 3
650 _aMathematics
700 _a"A.Thangapandi Isaac,[etal..]"
942 _cBK
999 _c60621
_d60621